000 00457nam a2200181Ia 4500
001 14302
005 20260306164904.0
008 260306t1997||||xx |||||||||||||| ||spa||
041 _aESP
082 _a511.3
_bI77
100 _aIsasi, Pedro Martinez
_eAUT
245 0 _aLenguajes, gramáticas y autómatas:
_bun enfoque práctico
260 _c1997
300 _a376 páginas :
_c24 cm.
650 _aGEN
654 _aCMA
942 _cLIB
_dJUS
_fJUS
_2ddc
_n
999 _c14302
_d14302